A Friendly Boy (Record no. 159549)

MARC details
000 -LEADER
fixed length control field 00441nam a22001817a 4500
003 - CONTROL NUMBER IDENTIFIER
control field dpl
005 - DATE AND TIME OF LATEST TRANSACTION
control field 20181222130523.0
008 - FIXED-LENGTH DATA ELEMENTS--GENERAL INFORMATION
fixed length control field 181222b ||||| |||| 00| 0 eng d
020 ## - INTERNATIONAL STANDARD BOOK NUMBER
International Standard Book Number 817108303X
Terms of availability 25.00
035 ## - SYSTEM CONTROL NUMBER
System control number A-827380
040 ## - CATALOGING SOURCE
Original cataloging agency DPL
Language of cataloging EN
Transcribing agency 0
082 ## - DEWEY DECIMAL CLASSIFICATION NUMBER
Classification number S
100 ## - MAIN ENTRY--PERSONAL NAME
Personal name Drago, C
245 ## - TITLE STATEMENT
Title A Friendly Boy
Statement of responsibility, etc C. Drago
260 ## - PUBLICATION, DISTRIBUTION, ETC. (IMPRINT)
Place of publication, distribution, etc Bombay
Name of publisher, distributor, etc Better yourself books.
Date of publication, distribution, etc 1995
300 ## - PHYSICAL DESCRIPTION
Extent 127p:
Dimensions 12cm
942 ## - ADDED ENTRY ELEMENTS (KOHA)
Source of classification or shelving scheme Dewey Decimal Classification
Koha item type Children Books
Classification part S
Call number suffix DRA

No items available.


© Delhi Public Library
Hit Counter
free hit counter